20 Biggest Cities in New Hampshire - Statistics

General Stats
  • This quiz has been taken 94 times
  • The average score is 10 of 20
Answer Stats
Hint Answer % Correct
44,769 Concord
100%
115,181 Manchester
98%
90,673 Nashua
98%
22,780 Portsmouth
82%
33,595 Dover
60%
22,905 Keene
60%
34,078 Derry
49%
26,856 Londonderry
49%
15,665 Lebanon
47%
33,912 Rochester
47%
17,216 Laconia
42%
16,361 Hampton
40%
16,135 Exeter
39%
32,416 Salem
37%
29,248 Merrimack
32%
23,712 Bedford
25%
18,503 Goffstown
23%
16,086 Windham
23%
25,617 Hudson
21%
16,464 Milford
21%
No matching quizzes found
Score Distribution
Percent of People with Each Score
Percentile by Number Answered
Your Score History
You have not taken this quiz